Missing Word: Human Body Misconceptions Quiz Stats

 Plays Quiz Updated Apr 12, 2018

Score 0/20 Timer 08:00
1 Play Today
Misconception Missing Word % Correct
Drinking ____ or other dairy products cause mucus buildup.milk
94.9%
Eating fatty foods causes _____ gain.weight
94.4%
Different areas of the ______ perceive different tastes.tongue
92.8%
______ are descended from chimpanzees.Humans
92.5%
Cracking one's _______ will cause arthritis.knuckles
91.3%
A person's hair and fingernails grow after the person ____.dies
91.2%
The two hemispheres of the _____ are responsible for different aspects of personality.brain
90.6%
Absorbing _____ causes fingers and toes to wrinkle.water
89.4%
____ weather can make people sick.Cold
88.9%
Sleeping in a room with a ___ blowing can kill you.fan
88.6%
Misconception Missing Word % Correct
Sugar causes ________ to become hyperactive.children
87.9%
Shaving causes facial hair to become _______.thicker
83.2%
There are humans that can remember everything perfectly, possessing a ___________ memory.photographic
82.9%
Eating a proper ____ will 'detoxify' the body.diet
81.3%
Vaccines can cause a child to develop ______.autism
74.5%
Tetanus is caused by contact with ____.rust
74%
Waking someone who is ____________ can kill the person.sleepwalking
73.6%
Each trait is controlled by a specific ____ in DNA.gene
72.4%
A human body put in a vacuum will ______.explode
61.4%
_______ can repair split ends.Shampoo
50.4%

Today's Daily Dose

You're not logged in!

Compare scores with friends on all Sporcle quizzes.
OR
Log In

Sporcle TV

Today on Sporcle TV


Watch our educational content, quiz creation guides, and fun videos on Sporcle TV.

Show Comments

Extras

Top Quizzes Today


Score Distribution

Your Account Isn't Verified!

In order to create a playlist on Sporcle, you need to verify the email address you used during registration. Go to your Sporcle Settings to finish the process.

Report this User

Report this user for behavior that violates our Community Guidelines.

Details: